Pregúntale a Paulo Coelho / (Record no. 200056)

MARC details
000 -CABECERA
campo de control de longitud fija 00544nam a2200193 u 4500
005 - FECHA Y HORA DE LA ÚLTIMA TRANSACCIÓN
campo de control 20210223133714.0
008 - ELEMENTOS DE LONGITUD FIJA--INFORMACIÓN GENERAL
campo de control de longitud fija 181120s1998 r 000 0 eng d
020 ## - NÚMERO INTERNACIONAL NORMALIZADO PARA LIBROS
Número Internacional Estándar del Libro 9688552267
035 ## - NÚMERO DE CONTROL DEL SISTEMA
Número de control de sistema UPN01000227961
049 ## - COLECCIÓN
Colección CG
050 #4 - SIGNATURA TOPOGRÁFICA DE LA BIBLIOTECA DEL CONGRESO
Número de clasificación PQ9698.13 O3.4
Número de documento/Ítem P3.6
100 1# - ASIENTO PRINCIPAL--NOMBRE PERSONAL
Nombre de persona Palao Pons, Pedro
9 (RLIN) 42721
245 10 - MENCIÓN DE TÍTULO
Título Pregúntale a Paulo Coelho /
Mención de responsabilidad, etc. Pedro Palao Pons.
260 ## - PUBLICACIÓN, DISTRIBUCIÓN, ETC.
Lugar de publicación, distribución, etc. México :
Nombre del editor, distribuidor, etc. Tikal,
Fecha de publicación, distribución, etc. c1998.
300 ## - DESCRIPCIÓN FÍSICA
Extensión 112 p.
600 14 - ASIENTO SECUNDARIO DE MATERIA - NOMBRE PERSONAL
Nombre de persona COELHO, PAULO,
Fechas asociadas al nombre 1947- -
Subdivisión general CRITICA E INTERPRETACION
9 (RLIN) 27475
905 ## - TIPO DE MATERIAL
Tipo de material Libro
Holdings
Estado de retiro Estado de pérdida Fuente del sistema de clasificación o colocación Estado dañado No para préstamo Código de colección Localización permanente Ubicación/localización actual Ubicación en estantería Fecha de adquisición Total de préstamos Clasificación Código de barras Fecha visto por última vez Fecha del último préstamo Número de copia Tipo de ítem Koha
    Library of Congress Classification     Colección General Bib. Gregorio Torres Quintero Bib. Gregorio Torres Quintero Planta baja 13/11/2023 1 PQ9698.13 O3.4 P3.6 327906 29/11/2023 13/11/2023 1 Libro